Portugal 2026 FIFA World Cup Squad - Statistics

General Stats
  • This quiz has been taken 85 times
  • The average score is 18 of 27
Answer Stats
# Position Player % Correct
© FW Cristiano Ronaldo
99%
MF Bruno Fernandes
88%
GK Diogo Costa
88%
MF Vitinha
87%
DF Nuno Mendes
85%
DF Rúben Dias
85%
MF Bernardo Silva
84%
DF João Cancelo
84%
GK Rui Silva
84%
MF João Neves
82%
MF Rúben Neves
82%
MF Samú Costa
82%
GK José Sá
78%
FW Gonçalo Ramos
76%
FW João Félix
74%
FW Rafael Leão
72%
Manager Roberto Martínez
60%
FW Pedro Neto
56%
DF Gonçalo Inácio
54%
FW Francisco Conceição
50%
DF Diogo Dalot
49%
FW Francisco Trincão
47%
DF Nélson Semedo
47%
DF Matheus Nunes
40%
FW Gonçalo Guedes
31%
DF Tomás Araújo
28%
DF Renato Veiga
22%
No matching quizzes found
Score Distribution
Percent of People with Each Score
Percentile by Number Answered
Your Score History
You have not taken this quiz